Statistics for Premier League 2022/23 Players by Name - Z

Click here to take the quiz!

General Stats

  • This quiz has been taken 49 times
  • The average score is 5 of 7

Answer Stats

ClubNationPositionPlayer% Correct
ArsenalUkraineDFOleksandr Zinchenko
100%
ChelseaMoroccoFWHakim Ziyech
95%
Crystal PalaceIvory CoastFWWilfried Zaha
95%
West Ham UnitedFranceDFKurt Zouma
90%
ChelseaSwitzerlandMFDenis Zakaria
85%
BournemouthUkraineDFIllia Zabarnyi
33%
BournemouthZimbabweDFJordan Zemura
33%

Score Distribution

Percentile by Number Answered

Percent of People with Each Score

Your Score History

You have not taken this quiz